Statystyki dla 10 stolic UE o najmniejszej liczbie mieszkańców

Kliknij tutaj aby rozwiązać quiz!

Ogólne statystyki

  • Ten quiz został rozwiązany 84 razy
  • Średni wynik to 7 z 11

Statystyki odpowiedzi

HintOdpowiedź% Poprawnych
641 423Ryga
82%
536 692Wilno
81%
440 702Tallinn
78%
802 338Zagrzeb
71%
429 564Bratysława
68%
289 518Lublana
65%
645 482Helsinki
53%
554 554Dublin
50%
506 892Lizbona
41%
664 046Ateny
34%
613 288Kopenhaga
29%

Rozkład punktacji

Percentyl według liczby udzielonych odpowiedzi

Procent ludzi z każdym wynikiem

Twoja historia wyników

Nie rozwiązałeś tego quizu